00643nam a2200169 a 450000500170000000800410001702000180005805000240007610000170010024500590011726000400017630000170021644000450023352001420027865000330042065000200045320140412111242.0020409s19uu xx 00 eng d a1-85758-068-0 aTR(GS 428bK32 1992 aLane, Sheila aBack to basics English /cShiela Lane and Marian Kemp. aLondon :bLetts Educational,c1992. a32 p. ; ill. aLetts English, age 6-7 years olds, bk. 1 athe back to basics series will help children practice those basic and essential skills which are at the heart of the National Curriculum. aEnglishxJuvenile literature aEnglishxbasics